00670nam a2200181 i 450000100060000000300090000600500170001500700030003200800410003510000350007624501220011126000360023330000220026970000260029185200320031799900170034995201220036680442ES-MaACL20230906174221.0t|041028s1969 sp ||||1| spa d1 aHildesheimer, Wolfgang.96368613aEl fin de un mundo b: narraciones sin amor / cWolfgang Hildesheimer ; [traducción del alemán por Paula Blanco]. aMadrid : bMagisterio, c[1969] a192 p. ; c18 cm.1 aBlanco, Paula.929198 aES-MaACLjC-40610 bR.71200 c80442d80442 00104070aATENEOMbATENEOMcDEPO2d2008-01-17eSCl0oC-40610p1084104r2023-02-23 00:00:00w2023-02-23yMONOGRAFIA